| 000 | 00887nam a2200253 i 4500 | ||
|---|---|---|---|
| 001 | 114395 | ||
| 003 | ES-MaACL | ||
| 005 | 20230906190140.0 | ||
| 007 | t| | ||
| 008 | 070226s1961 fr ||||1| fre d | ||
| 080 | _a821.133.1-2"18" | ||
| 100 | 1 |
_aBalzac, Honoré de, _d1799-1850 _925139 |
|
| 245 | 1 | 0 |
_aOeuvres complètes / _cHonoré de Balzac ; édition nouvelle établie par La Société des Etudes Balzaciennes... |
| 260 |
_aParis : _bClub de L'Honnête Homme, _c[1961] |
||
| 300 |
_a548 p. : _bil. ; _c21 cm. |
||
| 500 | _aBiblioteca Jacinto Martínez Lacalle. | ||
| 505 | 8 | _aContiene: T. XXIII: Vautrin ; Paméla Giraud ; Les Ressources de Quinola | |
| 710 | 2 |
_aSociété des études balzaciennes. _95468 |
|
| 740 | 0 | _aVautrin. | |
| 740 | 0 | _aPaméla Giraud. | |
| 740 | 4 | _aLes Ressources de Quinola. | |
| 852 |
_aES-MaACL _jE-11594 _bR.139655 |
||
| 999 |
_c114395 _d114395 |
||